000 00687cam a22002173a 4500
001 41547
003 PGUSA
005 20140828083934.0
008 121203s2012||||xxu|||||s|||||000 | eng d
040 _aPGUSA
_beng
042 _adc
100 1 _aDubnow, Simon,
_d1860-1941
245 1 0 _aHistory of the Jews in Russia and Poland, Volume I (of 3) :
_bFrom the Earliest Times Until the Present Day
_h[electronic resource] /
_cSimon Dubnow
260 _bProject Gutenberg,
_c2012
506 _aPublic domain in the USA.
516 _aElectronic text
700 1 _aFriedlaender, I.
830 0 _aProject Gutenberg
_v41547
856 4 0 _uhttp://www.gutenberg.org/ebooks/41547
942 _cEB
999 _c270799
_d270799